| 000 | 01329nam a2200301 a 4500 | ||
|---|---|---|---|
| 001 | BRCA_5117 | ||
| 005 | 20190320204939.0 | ||
| 008 | 191110s1618----mx-######v---#000-0#spa-# | ||
| 041 | _aspa | ||
| 044 | _amx | ||
| 084 |
_aDOC117 _b.A79 _c1618 |
||
| 100 | 1 |
_aArzeo, Francisco de _913055 |
|
| 245 | 1 | 0 |
_aDocumento firmado por Don Francisco de Arzeo _cFrancisco de Arzeo. |
| 260 |
_aMéxico _c1618 |
||
| 300 |
_a[2] fojas _c18 x 22 cm. |
||
| 500 | _aDocumento firmado el 17 de julio de 1618. | ||
| 500 | _aDocumento en el cual Don Francisco de Arzeo, escribano real de la Ciudad de México da testimonio de verdad que Fray Baltazar de Covarrubias es Obispo de la Provincia de Michoacán. | ||
| 500 | _aEl documento contiene la leyenda DOC. #281. | ||
| 500 | _aEstado de conservación: contiene manchas por acidez, manchas de tinta negra y laguna en el margen superior derecho. | ||
| 506 | 0 | _aFondo Reservado. Para su consulta es necesario credencial de usuario y carta de motivos. | |
| 546 | _aTexto en: español de principios del siglo XVII. | ||
| 600 | 1 | 4 |
_aArzeo, Francisco de _vFuentes _xHistoria _913056 |
| 650 | 1 | 4 |
_aDocumentos legales _vManuscritos _xHistoria _912814 |
| 651 | 4 |
_aMéxico _xHistoria _yColonia, 1521-1821 _912461 |
|
| 700 | 1 |
_aCovarrubias, Baltazar de _cFray _913057 |
|
| 902 | _aFDH | ||
| 942 |
_2lcc _cD |
||
| 999 |
_c4811 _d4811 |
||